Normal view
MARC view
Entry Topical Term
001 - CONTROL NUMBER
- control field: 29515
003 - CONTROL NUMBER IDENTIFIER
- control field: dpl
005 - DATE AND TIME OF LATEST TRANSACTION
- control field: 20110712162303.0
008 - FIXED-LENGTH DATA ELEMENTS
- fixed length control field: 110712|||a|||||| | ||| d
040 ## - CATALOGING SOURCE
- Original cataloging agency: dpl
- Transcribing agency: dpl
150 ## - HEADING--TOPICAL TERM
- Topical term or geographic name as entry element: New business enterprises
- Form subdivision: Handbooks, manuals, etc.
670 ## - SOURCE DATA FOUND
- Source citation: Work cat.: (dpl): Timmons, Jeffry A. 29514, New venture creation :, 2009 (repr)
670 ## - SOURCE DATA FOUND
- Source citation: Work cat.: (dpl): Timmons, Jeffry A. 29514, New venture creation :, 2009 (repr)
